CLINICAL RESPIRATORY MEDICINE (Record no. 8436)

MARC details
000 -LEADER
fixed length control field 00353nam a22001577a 4500
003 - CONTROL NUMBER IDENTIFIER
control field SGT
020 ## - INTERNATIONAL STANDARD BOOK NUMBER
International Standard Book Number 978-1-4557-0792-8
082 ## - DEWEY DECIMAL CLASSIFICATION NUMBER
Classification number 616.024, C12S
100 ## - MAIN ENTRY--PERSONAL NAME
Personal name SPIRO, STEFOHEN G.
245 ## - TITLE STATEMENT
Title CLINICAL RESPIRATORY MEDICINE
250 ## - EDITION STATEMENT
Edition statement 4TH
260 ## - PUBLICATION, DISTRIBUTION, ETC. (IMPRINT)
Place of publication, distribution, etc PHILADELPHIA
Name of publisher, distributor, etc ELSEVIER
Year of Publication 2012
300 ## - PAGE DESCRIPTION
No. of Pages 977
650 ## - SUBJECT ADDED ENTRY--TOPICAL TERM
Topical term or geographic name as entry element MEDICINE
942 ## - ADDED ENTRY ELEMENTS (KOHA)
Source of classification or shelving scheme Dewey Decimal Classification
Koha item type Books
Holdings
Withdrawn status Lost status Source of classification or shelving scheme Damaged status Not for loan Collection code Home library Current library Shelving location Date acquired Vendor Name Cost, normal purchase price SGTU Bill Number Total Checkouts Full call number Accession No. (Barcode) Date last seen Bill Date Koha item type Date last borrowed
    Dewey Decimal Classification   Not For Loan MEDICAL SGT Medical Library SGT Medical Library Reference Book 15/03/2016 AHUJA BOOK COMPANY 12749.00 SGTU 5978   616.024, C12S FM7485 15/03/2016 14/08/2015 Books  
    Dewey Decimal Classification     MEDICAL SGT Medical Library SGT Medical Library Reference Book 15/03/2016 AHUJA BOOK COMPANY 12749.00 SGTU 5978 1 616.024, C12S FM7486 23/01/2019 14/08/2015 Books 19/01/2019